00269nam a2200097 4500008004100000082001600041245002700057260004700084300001700131650002300148240701b |||||||| |||| 00| 0 eng d a305.42bWOM aWomen's manifesto 2001 aColombo:b[Women's political forum?]c2001 a17 p.; 25 cm aFEMINISM-Sri Lanka